000 00291nam a22001337a 4500
008 170328b xxu||||| |||| 00| 0 eng d
020 _a0397543899
041 _aeng
080 _23 ED
_a615.83
100 _a8
101 _aSHM
245 _aPHYSICAL EXAMINATION
_cBATES.B
942 _2udc
_cBK
999 _c8772
_d8772